Children's Ministry that works! : (Record no. 16525)

000 -LEADER
fixed length control field 00535nam a2200169 a 4500
001 - CONTROL NUMBER
control field :::00019489$&:&@@
003 - CONTROL NUMBER IDENTIFIER
control field OkBaRHE
005 - DATE AND TIME OF LATEST TRANSACTION
control field 20100331140628.0
008 - FIXED-LENGTH DATA ELEMENTS--GENERAL INFORMATION
fixed length control field s1984 j 000 0 eng u
040 ## - CATALOGING SOURCE
Transcribing agency
245 10 - TITLE STATEMENT
Title Children's Ministry that works! :
Remainder of title the basics & beyond
260 ## - PUBLICATION, DISTRIBUTION, ETC. (IMPRINT)
Place of publication, distribution, etc Loveland, Colorado
Name of publisher, distributor, etc Group Books
Date of publication, distribution, etc 1984
300 ## - PHYSICAL DESCRIPTION
Extent 226 p.
700 ## - ADDED ENTRY--PERSONAL NAME
Personal name Edited by Jolene Roehlkepartain
942 ## - ADDED ENTRY ELEMENTS (KOHA)
Source of classification or shelving scheme
Koha item type Books
Copies
Price effective from Shelving location Lost status Current Location Date last seen Source of classification or shelving scheme Withdrawn status Not for loan Barcode Date acquired Copy number Permanent Location Damaged status Full call number Koha item type
2010-04-14General Stacks RHEMA Bible Training College2012-02-23   194892010-04-141RHEMA Bible Training College BV 639 .C4 C44Books